000 01272ngm a22003610a 4500
001 PT23346
003 AR-LpoUNG
005 20210202000337.0
007 vd cvaizq
008 191001s1995||||ag |||||||||||||||||spa d
037 _c$15
040 _aAR-LpoUNG
_bspa
_cAR-LpoUNG
_eaacr
041 _aspa
044 _aag
082 0 _a307.76 778vis4
100 1 _aPolosecki, Fabián
245 1 0 _aCiudad feliz :
_bbarcos de sal
260 _aBuenos Aires :
_bs.n.,
_c1995.
300 _aDVD (53 min.) : son., col.
505 0 _aProducción: Alejandro Chernov ; coordinación: Irene Bais ; música: Pablo Martín.
520 _aPrograma de televisión del ciclo ®El visitante», con idea, producción y entrevistas de Fabián Polosecki. Combina el registro documental con elementos de ficción para registrar situaciones, espacios y personajes desconocidos de la vida cotidiana de la ciudad. Música incidental y relato en off a cargo de Fabián Polosecki.
650 4 _aARGENTINA
650 4 _aMEDIO URBANO
650 4 _aPOBLACION URBANA
650 4 _aSOCIOLOGIA URBANA
651 4 _aArgentina
653 _aCINE ARGENTINO
653 _aDOCUMENTALES
653 _aVIDEOS
710 2 _aKrakus (firma comercial)
905 _a23346
942 _cDVD
999 _c54674
_d54674